Catalog

Record Details

Catalog Search



Little apocalypses : essays on motherhood, climate ... Read More

Teer, Kaitlyn,(author., Author, Author).

Available copies

  • 1 of 1 copy available at LARL/NWRL Consortium.
  • 1 of 1 copy available at Lake Agassiz Regional Library. (Show preferred library)

Current holds

0 current holds with 1 total copy.

Show Only Available Copies
Location Call Number / Copy Notes Barcode Shelving Location Status Due Date
Detroit Lakes Public Library 070.4109 TEE (Text) 33500014414841 New Available -

Record details

  • ISBN: 9780063440227
  • ISBN: 0063440229
  • Physical Description: xv, 281 pages ; 21 cm
  • Edition: First edition.
  • Publisher: New York : Harper Perennial, [2026]

Content descriptions

Bibliography, etc. Note:
Includes bibliographical references (pages ... Read More
Formatted Contents Note:
Drawing a disappearing world -- If birds can't ... Read More
Summary, etc.:
"An essay collection that reimagines the stories ... Read More
Subject: Teer, Kaitlyn
Periodical editors > United States > Biography.
Essays.
Genre: Essays.
LDR 03000cam a2200541 i 4500
001486351
003LARL_NWRL_CONSORTIUM
00520260610154517.0
008260128t20262026nyu b 000 e eng
010 . ‡a 2025045434
040 . ‡aDLC ‡beng ‡erda ‡cDLC ‡dOCLCO ‡dBDX ‡dBKL ‡dIUK ‡dIMT ‡dXFF ‡dOCLCO ‡dRB0
019 . ‡a1565151855
020 . ‡a9780063440227 ‡qtrade paperback
020 . ‡a0063440229 ‡qtrade paperback
020 . ‡z9780063440234 ‡qelectronic publication
035 . ‡a(OCoLC)1528527626 ‡z(OCoLC)1565151855
08204. ‡a070.41092 ‡223
1001 . ‡aTeer, Kaitlyn, ‡eauthor. ‡4aut ‡4http://id.loc.gov/vocabulary/relators/aut ‡1http://id.loc.gov/rwo/agents/n2026502879
24510. ‡aLittle apocalypses : ‡bessays on motherhood, climate change, and hope at the end of the world / ‡cKaitlyn Teer.
250 . ‡aFirst edition.
264 1. ‡aNew York : ‡bHarper Perennial, ‡c[2026]
264 4. ‡c©2026
300 . ‡axv, 281 pages ; ‡c21 cm
334 . ‡asingle unit ‡bmono ‡0http://id.loc.gov/vocabulary/issuance/mono
336 . ‡atext ‡btxt ‡2rdacontent ‡0http://id.loc.gov/vocabulary/contentTypes/txt
337 . ‡aunmediated ‡bn ‡2rdamedia ‡0http://id.loc.gov/vocabulary/mediaTypes/n
338 . ‡avolume ‡bnc ‡2rdacarrier ‡0http://id.loc.gov/vocabulary/carriers/nc
353 . ‡abibliography ‡bbibliography ‡0http://id.loc.gov/vocabulary/msupplcont/bibliography
504 . ‡aIncludes bibliographical references (pages 255-281).
50500. ‡tDrawing a disappearing world -- ‡tIf birds can't survive -- ‡tWorld without end -- ‡tWatching the clock -- ‡tLittle things -- ‡tOn mother trees -- ‡tPredictive text -- ‡tWhat to expect -- ‡tThe looking glass -- ‡tLittle apocalypses -- ‡tMother Nature -- ‡tMother of all messes -- ‡tBecause I said so -- ‡tSaving seeds.
520 . ‡a"An essay collection that reimagines the stories we tell about motherhood, climate change, and the end of the world as we know it"-- ‡cProvided by publisher.
60010. ‡aTeer, Kaitlyn ‡1http://id.loc.gov/rwo/agents/n2026502879
650 0. ‡aPeriodical editors ‡zUnited States ‡vBiography. ‡0(LARL_NWRL_CONSORTIUM)166654
650 0. ‡aEssays. ‡0(LARL_NWRL_CONSORTIUM)19596
655 7. ‡aEssays. ‡2lcgft
758 . ‡1http://id.loc.gov/resources/instances/in00024427894
758 . ‡4http://id.loc.gov/ontologies/bibframe/instanceOf ‡1http://id.loc.gov/resources/works/in00024427894
77608. ‡iOnline version ‡4http://id.loc.gov/entities/relationships/onlineversion ‡aTeer, Kaitlyn ‡tLittle apocalypses ‡bFirst edition ‡dNew York : Harper Perennial, 2026 ‡z9780063440234 ‡w(DLC) 2025045435
884 . ‡aDLC bibframe2marc v3.1-dev ‡g20260128 ‡qDLC ‡uhttps://github.com/lcnetdev/bibframe2marc/tree/v3.1-dev
901 . ‡a486351 ‡bOCoLC ‡c486351 ‡tbiblio ‡sIngram On-Order

Additional Resources